| 000 | 01166nam a22002177a 4500 | ||
|---|---|---|---|
| 999 |
_c60299 _d60299 |
||
| 003 | Ge_BSU | ||
| 005 | 20230627123703.0 | ||
| 008 | 230627s2002 ge ||||| |||| 00| 0 geo d | ||
| 020 | _a9992892439 | ||
| 041 | _ageo | ||
| 080 | _a821.14'01-22 ა-81 | ||
| 100 |
_aარისტოფანე _918999 |
||
| 245 |
_aკომედიები. ტ. 1, აქარნელები. მხედრები / _cარისტოფანე ; შესავ. წერილი, თარგმანი და კომენტარები ლევან ბერძენიშვილისა ; [რედ. და გამომც.: ლაშა ბერაია] |
||
| 264 |
_aთბილისი : _bლოგოს-პრესი, _c 2002. |
||
| 300 |
_a225 გვ.; _b21 სმ. |
||
| 490 | _aანტიკური ლიტერატურის შედევრები | ||
| 653 | _aკომედიები | ||
| 700 |
_aბერძენიშვილი, ლევან _eმთარგმნელი _916982 |
||
| 700 |
_aბერაია, ლაშა _eრედაქტორი _919000 |
||
| 942 |
_2udc _cBK |
||